000 01021nam a2200217Ia 4500
003 Ost
005 20260507074958.0
008 260507s9999||||xx |||||||||||||| ||und||
020 _a9957160810
040 _cfsecg
041 _aara
082 _a368
100 _aملحم، أحمد سالم
_eمؤلف
245 0 _aإعادة التأمين وتطبيقاتها في شركات التأمين الإسلامي /
_c أحمد سالم ملحم
260 _aعمان:
_bدا رالثقافة للنشر والتوزيع,
_c2005
300 _a208 صفحة؛
_c25 سم
520 _aمفهوم التأمين التجاري،مفهوم التأمين التعاوني المركب،مفهوم إعادة التأمين،رأي هيئة الرقابة الشرعية لبنك فيصل الإسلامي،المناقشة والترجيح،الحل الإسلامي لمشكلة إعادة التأمين
653 _aالإسلام والتأمين
653 _aالتأمين - البنوك
942 _cكتاب
999 _c42047
_d42047